Cold War Knowledge Quiz - Statistics

General Stats
  • This quiz has been taken 70 times
  • The average score is 9 of 15
Answer Stats
Question Answer % Correct
Which city was split into four sectors after World War Two? Berlin
92%
What animal, sent by the Soviets, was the first in space? Laika the dog
83%
Who overthrew the Cuban government in1958? Fidel Castro
81%
What items were on the Soviet flag? Hammer, sickle and star
76%
Where was there a nuclear accident on 26 April 1986? Cherynobyl
75%
Who was the president of Yugoslavia in 1953? Josip Broz Tito
75%
What year was the Soviet flag lowered from the Kremlin for the last time? 1991
73%
What was Russia attempting to send him in 1962? Nuclear weapons
63%
Who was the first man in space? Yuri Gagarin
59%
What year was the AK-47 first made by Russia? 1947
49%
Who was the Soviet leader who introduced the policy of de-Stalinization? Khrushchev
47%
Who did the US fight in the Vietnam war? Viet Cong
41%
What was the Polish trade union with over 9 million members in the 1980s? Solidarity
29%
What item was Trotsky murdered with? Ice pick
25%
What animal did Soviet scientists attempt to domesticate in 1959? Fox
8%
No matching quizzes found
Score Distribution
Percent of People with Each Score
Percentile by Number Answered
Your Score History
You have not taken this quiz